Les Cases de l'ànima : maquetes arquitectòniques de l'antiguitat (5500 aC/300 dC) maquetes arquitectòniques de l'antiguitat (5500 aC/300 dC)
ISBN:
84-7794-498-9
Publicado:
Barcelona :
Centre de Cultura Contemporània de Barcelona : Institut d'Edicions. Diputació de Barcelona ,
1996
Descripción Física:
299 p. : il. ; 24 cm
MARC
| LEADER | 00000nam a2200000Ia 4500 | ||
|---|---|---|---|
| 001 | 17828 | ||
| 008 | 160829s1996 xx 000 0 cat d | ||
| 020 | |a 84-7794-498-9 | ||
| 080 | |a B-2-108 | ||
| 245 | |a Les Cases de l'ànima : |b maquetes arquitectòniques de l'antiguitat (5500 aC/300 dC) | ||
| 260 | |a Barcelona : |b Centre de Cultura Contemporània de Barcelona : |b Institut d'Edicions. Diputació de Barcelona, |c 1996 | ||
| 300 | |a 299 p. : |b il. ; |c 24 cm | ||
| 590 | |a Catàleg de l'exposició presentada entre el 16 de gener i el 15 de juny de 1997 | ||
| 650 | |a Arquitectura primitiva |x Exposicions |9 37815 | ||
| 650 | |a Arquitectura antiga |x Exposicions |9 26582 | ||
| 650 | |a Maquetes |x Exposicions |9 26583 | ||
| 710 | 2 | |a Centre de Cultura Contemporània de Barcelona |9 52510 | |
| 710 | |a Barcelona (Catalunya : Província). |b Institut d'Edicions |9 53854 | ||
| 901 | |a Arxiu | ||
| 942 | |n 1 | ||
| 952 | |0 0 |1 0 |4 0 |6 B2108 |7 1 |9 44066 |a Arxiu |b Arxiu |d 2016-12-01 |l 0 |o B-2-108 |p 17828 |r 2016-12-01 00:00:00 |w 2016-12-01 |y ARXIU | ||
| 999 | |c 46646 |d 46646 | ||